Table générale et méthodique des mémoires contenus dans les recueils de l'Académie des Inscriptions et Belles-Lettres et de l'Académie des Sciencies Morales et Politiques / (Record no. 164075)

MARC details
000 -LEADER
campo de control de longitud fija 00784nam a2200181 4500
001 - NÚMERO DE CONTROL
campo de control 164075
003 - IDENTIFICADOR DE NÚMERO DE CONTROL
campo de control ES-MaACL
005 - FECHA Y HORA DE LA ÚLTIMA TRANSACCIÓN
campo de control 20251014063236.0
008 - DATOS DE LONGITUD FIJA--INFORMACIÓN GENERAL
campo de control de longitud fija 950316s1856 fr c |||| | fre d
040 ## - FUENTE DE CATALOGACIÓN
Centro catalogador/agencia de origen EUS
Lengua de catalogación spa
Centro/agencia transcriptor EUS
100 1# - ENTRADA PRINCIPAL--NOMBRE DE PERSONA
Nombre de persona Rozière, Eugène de,
Fechas asociadas al nombre 1820-1896
9 (RLIN) 132141
245 10 - MENCIÓN DEL TÍTULO
Título Table générale et méthodique des mémoires contenus dans les recueils de l'Académie des Inscriptions et Belles-Lettres et de l'Académie des Sciencies Morales et Politiques /
Mención de responsabilidad, etc. par Eugène de Rozière et Eugène Chatel.
260 ## - PUBLICACIÓN, DISTRIBUCIÓN, ETC.
Lugar de publicación, distribución, etc. Paris :
Nombre del editor, distribuidor, etc. Auguste Durand, Lilbraire-Editeur,
Fecha de publicación, distribución, etc. 1856 (
Fabricante Typographie Hennuyer)
300 ## - DESCRIPCIÓN FÍSICA
Extensión XXVII, 383 p. ;
Dimensiones 29 cm.
700 11 - ENTRADA AGREGADA--NOMBRE PERSONAL
Nombre de persona Chatel, Eugène,
Fechas asociadas al nombre 1820-1910
9 (RLIN) 126470
852 ## - LOCALIZACIÓN
Ubicación ES-MaACL
Número de control de estantería G-13346
Nota libre -- Enc. hol.
Holdings
Estatus retirado Estado de pérdida Estado de daño No para préstamo Colección Biblioteca de origen Biblioteca actual Ubicación en estantería Fecha de adquisición Fuente de adquisición Total de préstamos Signatura topográfica completa Código de barras Visto por última vez Precio de reemplazo Tipo de ítem Koha
        Libros del s. XIX Biblioteca del Ateneo de Madrid Biblioteca del Ateneo de Madrid Sala Pecera Planta 3 17/01/2008     G-13346 1171959 23/02/2023 23/02/2023 Libro impreso antiguo